Central Library OPAC University of Rajshahi

Rig-Veda-Sanhita : (Record no. 80405)

MARC details
000 -LEADER
fixed length control field 01084nam a2200289 a 4500
001 - CONTROL NUMBER
control field 80405
003 - CONTROL NUMBER IDENTIFIER
rucl marc code BD-RjUL
005 - DATE AND TIME OF LATEST TRANSACTION
control field 20220920125948.0
008 - FIXED-LENGTH DATA ELEMENTS--GENERAL INFORMATION
fixed length control field 220920s1869 enk 001 p eng
035 ## - SYSTEM CONTROL NUMBER
System control number OCLC ocm06363749 from D971118T
System control number (BD-RjUL)80405
040 ## - CATALOGING SOURCE
Original cataloging agency DLC
Transcribing agency CLE
Modifying agency CLE
-- EQO
-- BD-RjUL
Language of cataloging eng
041 1# - LANGUAGE CODE
Language code of text/sound track or separate title eng
-- san
Language code of original san
082 ## - DEWEY DECIMAL CLASSIFICATION NUMBER
Edition number 23
Classification number 294.59212
Author mark and year RIG 1869
130 0# - MAIN ENTRY--UNIFORM TITLE
Uniform title Vedas.
Name of part/section of a work R̥gveda.
Form subheading Selections.
9 (RLIN) 4925
245 10 - TITLE STATEMENT
Title Rig-Veda-Sanhita :
Remainder of title the sacred hymns of the Brahmans /
Statement of responsibility, etc. translated and explained by F. Max Müller.
246 3# - VARYING FORM OF TITLE
Title proper/short title Hymns to the Maruts or the storm gods
260 ## - PUBLICATION, DISTRIBUTION, ETC. (IMPRINT)
Place of publication, distribution, etc. London :
Name of publisher, distributor, etc. Trübner,
Date of publication, distribution, etc. 1869.
300 ## - PHYSICAL DESCRIPTION
Pagination clii, 263, 56 pages ;
Size 23 cm.
500 ## - GENERAL NOTE
General note No more published.
504 ## - BIBLIOGRAPHY, ETC. NOTE
Bibliography, etc Includes bibliographical references and index.
650 ## - SUBJECT ADDED ENTRY--TOPICAL TERM
Topical term or geographic name as entry element Rigveda
9 (RLIN) 4926
700 1# - ADDED ENTRY--PERSONAL NAME
Personal name Müller, F. Max
Fuller form of name (Friedrich Max),
Dates associated with a name 1823-1900.
942 ## - ADDED ENTRY ELEMENTS (KOHA)
Source of classification or shelving scheme Dewey Decimal Classification
Koha item type Books
Holdings
Lost status Source of classification or shelving scheme Damaged status Not for loan Collection code Permanent Location Current Location Shelving location Date acquired Source of acquisition Cost, normal purchase price Total Checkouts Full call number Date last seen Copy number Koha item type
  Dewey Decimal Classification   Not For Loan Non-fiction Central Library, University of Rajshahi Central Library, University of Rajshahi Reading Room 21/09/1970 Zeitlinger 78.00   294.59212 RIG 1869 20/09/2022 C-1 Books